000 01431nam a2200361 a 4500
001 ebr10471833
003 CaPaEBR
006 m u
007 cr cn|||||||||
008 110609s1997 vauad sb 001 0 eng d
020 _z9781416608974
020 _z9781416613435 (e-book)
040 _aCaPaEBR
_cCaPaEBR
035 _a(OCoLC)730237431
050 1 4 _aLB1025.3
_b.M37 1997eb
100 1 _aMarzano, Robert J.
245 1 0 _aDimensions of learning teachers manual
_h[electronic resource] /
_cRobert J. Marzano and Debra J. Pickering with Daisy E. Arredondo ... [et. al.].
250 _a2nd ed.
260 _aAlexandria, Va. :
_bASCD ;
_aDenver, Colo. :
_bMREL,
_cc1997.
300 _avii, 352 p. :
_bill.
504 _aIncludes bibliographical references and index.
533 _aElectronic reproduction.
_bPalo Alto, Calif. :
_cebrary,
_d2011.
_nAvailable via World Wide Web.
_nAccess may be limited to ebrary affiliated libraries.
650 0 _aElementary school teaching.
650 0 _aHigh school teaching.
650 0 _aMiddle school teaching.
650 0 _aJunior high school teaching.
650 0 _aTeaching
_xAids and devices.
655 7 _aElectronic books.
_2local
700 1 _aPickering, Debra.
700 1 _aArredondo, Daisy E.
710 2 _aebrary, Inc.
856 4 0 _uhttp://site.ebrary.com/lib/rucke/Doc?id=10471833
_zAn electronic book accessible through the World Wide Web; click to view
999 _c219653
_d219653